Motivos e ideas estéticas en Rubén Dario

Guardado en:
Bibliografiske detaljer
Hovedforfatter: Cardenal Martínez, Carlos
Format: Bog
Sprog:Undetermined
Udgivet: San José, Costa Rica Escuela de Filosofía, Universidad de Costa Rica 1965
Fag:
Tags: Tilføj Tag
Ingen Tags, Vær først til at tagge denne postø!

MARC

LEADER 00000nam a2200000Ia 4500
008 170316s9999 xx 000 0 und d
040 |a cru BVZT 
090 |a TESIS 548 
100 |a Cardenal Martínez, Carlos 
245 |a Motivos e ideas estéticas en Rubén Dario 
260 |a San José, Costa Rica 
260 |b Escuela de Filosofía, Universidad de Costa Rica 
260 |c 1965 
300 |a 102 páginas 
650 |a LICENCIATURA EN FILOSOFÍA 
650 |a TRABAJO FINAL DE GRADUACIÓN 
999 |c 14201  |d 14201 
942 |c TFG  |h TESIS 548  |2 z